| 000 | 00426nam a2200157Ia 4500 | ||
|---|---|---|---|
| 005 | 20250514023228.0 | ||
| 008 | 240331s9999 xx 000 0 und d | ||
| 020 | _a9552006511 | ||
| 082 |
_bARI _a800 |
||
| 100 | _aAriyarathne,S | ||
| 245 | 0 | _aDemala sahithy a ithihasaya | |
| 260 |
_aColombo _bS. Godage & Brothers _c1991 |
||
| 300 | _a265 p ., | ||
| 500 | _aA book on the history of Tamil literature in Sinhala. | ||
| 942 | _cL | ||
| 999 |
_c5159 _d5159 |
||